[Event "13. Sparkassen Open 2014 - Gruppe B"]
[Site "Forchheim"]
[Date "2014.10.03"]
[Round "2.37"]
[White "Weidenhöfer, Robert"]
[Black "Weber, Alexander"]
[Result "1-0"]
[WhiteElo "1771"]
[BlackElo "1700"]
[PlyCount "41"]
[EventDate "2014.??.??"]

1. b3 e5 2. Bb2 Nc6 3. e3 Nf6 4. Bb5 Bd6 5. Bxc6 dxc6 6. c4 Bg4 7. Ne2 O-O 8.
f3 Bh5 9. Nbc3 Re8 10. Ng3 Bg6 11. O-O Bd3 12. Re1 e4 13. Ncxe4 Nxe4 14. fxe4
Bxg3 15. hxg3 Qg5 16. g4 Rxe4 17. Rf1 Bxf1 18. Qxf1 Rxg4 19. Qf2 Rd8 20. Rf1
Rd6 21. Qxf7+ 1-0

7 Kxe7 19. Re1+ Kf8 0-1

[Event "13. Sparkassen Open 2014 - Gruppe B"]
[Site "Forchheim"]
[Date "2014.10.03"]
[Round "1.2"]
[White "Löllmann, Heinrich"]
[Black "Nehls, Benedikt"]
[Result "0-1"]
[WhiteElo "1832"]
[BlackElo "2009"]
[PlyCount "102"]
[EventDate "2014.??.??"]
[WhiteTeam "SV Bubenreuth"]
[BlackTeam "SC Erlangen"]

1. e4 c5 2. Nf3 d6 3. c4 Nf6 4. Nc3 Nc6 5. d4 cxd4 6. Nxd4 g6 7. Be2 Bg7 8. Be3
O-O 9. O-O Bd7 10. Rb1 Rc8 11. f3 a6 12. Qd2 Ne5 13. b3 Re8 14. Rfd1 Qa5 15. a4
Be6 16. Rbc1 Nc6 17. Nxc6 bxc6 18. Nd5 Qxd2 19. Nxf6+ Bxf6 20. Bxd2 c5 21. Bc3
Bxc3 22. Rxc3 a5 23. Bd3 Rb8 24. Bc2 Rb4 25. Kf2 Reb8 26. Ke3 Kg7 27. h4 f5 28.
Rd2 Rf8 29. g3 Rbb8 30. f4 fxe4 31. Bxe4 Rb6 32. Bd5 Bxd5 33. Rxd5 Rfb8 34.
Rdd3 h5 35. Kd2 Kf6 36. Rf3 e6 37. Kc2 Rc6 38. Rfd3 Rd8 39. Rd2 d5 40. cxd5
exd5 41. Rcd3 d4 42. Re2 Re6 43. Kd2 Rde8 44. Rxe6+ Rxe6 45. Rf3 Kf5 46. Rd3
Kg4 47. Kd1 Re3 48. Rxe3 dxe3 49. Ke2 Kxg3 50. Kxe3 Kxh4 51. Kf3 Kh3 0-1

[Event "13. Sparkassen Open 2014 - Gruppe B"]
[Site "Forchheim"]
[Date "2014.10.03"]
[Round "1.3"]
[White "Wiesner, Frank"]
[Black "Koelbl, Wolfgang"]
[Result "0-1"]
[WhiteElo "1980"]
[BlackElo "1876"]
[PlyCount "134"]
[EventDate "2014.??.??"]
[WhiteTeam "SV Dicker Turm Esslingen"]
[BlackTeam "SK Klosterlechfeld"]

1. c4 f5 2. Nc3 Nf6 3. b3 g6 4. Bb2 Bg7 5. Nf3 d6 6. d4 c6 7. Qc2 O-O 8. e3 Qe8
9. Be2 Na6 10. a3 e5 11. O-O e4 12. Ng5 Nc7 13. Rad1 h6 14. Nh3 g5 15. d5 c5
16. b4 b6 17. Kh1 Bd7 18. b5 Qe7 19. Rfe1 Ng4 20. Bxg4 fxg4 21. Ng1 Rae8 22.
Rd2 Bf5 23. Nd1 Bxb2 24. Qxb2 Qe5 25. Qxe5 Rxe5 26. Ne2 Ne8 27. Ra2 Nf6 28. a4
Ree8 29. a5 Nd7 30. Ng3 Bg6 31. Kg1 Ne5 32. Nb2 h5 33. axb6 axb6 34. Ra6 h4 35.
Ne2 Rb8 36. Rea1 Rb7 37. Ra7 Rfb8 38. Ra8 Rxa8 39. Rxa8+ Kf7 40. Nc3 Ke7 41.
Kf1 Kd7 42. Nca4 Kc7 43. Rg8 Ra7 44. Rg7+ Kb8 45. Rg8+ Kc7 46. h3 gxh3 47. gxh3
Bf5 48. Kg2 Bg6 49. Rg7+ Kb8 50. Rxa7 Kxa7 51. Nc3 Kb7 52. Ne2 Nd3 53. Nxd3
exd3 54. Nc3 d2 55. f4 gxf4 56. exf4 Bh5 57. f5 d1=Q 58. Nxd1 Bxd1 59. f6 Bh5
60. Kf2 Kc7 61. Ke3 Kd8 62. Kf4 Ke8 63. Kg5 Be2 64. Kxh4 Bxc4 65. Kg5 Bxd5 66.
h4 Kf7 67. h5 Be4 0-1

[Event "13. Sparkassen Open 2014 - Gruppe B"]
[Site "Forchheim"]
[Date "2014.10.03"]
[Round "1.4"]
[White "Glawe, Ralf"]
[Black "Corral, Carlos"]
[Result "0-1"]
[WhiteElo "1996"]
[BlackElo "1990"]
[PlyCount "122"]
[EventDate "2014.??.??"]
[WhiteTeam "MTV Ingolstadt"]
[BlackTeam "SC Noris-Tarrasch Nürnberg"]

1. e4 c5 2. c3 e5 3. Nf3 Nc6 4. Bc4 Qc7 5. Ng5 Nd8 6. O-O h6 7. Nf3 d6 8. d3 a6
9. a4 g6 10. Re1 Bg7 11. Nbd2 Ne7 12. Nf1 O-O 13. Ne3 Kh7 14. Nd5 Nxd5 15. Bxd5
Be6 16. d4 Bxd5 17. exd5 exd4 18. cxd4 c4 19. a5 Rc8 20. Qa4 f5 21. Ra3 Qf7 22.
Rae3 Qxd5 23. Qd7 Qc6 24. Re7 Qxd7 25. Rxd7 Nc6 26. Bf4 g5 27. Bd2 Kg8 28. d5
Ne5 29. Rxb7 Rb8 30. Rxb8 Rxb8 31. Nxe5 Bxe5 32. Bc3 Bxc3 33. bxc3 Rb5 34. Kf1
Rxd5 35. Re6 Kg7 36. Re7+ Kf6 37. Rc7 Rxa5 38. Rxc4 Rc5 39. Ra4 a5 40. Ke2 Ke5
41. Kd3 d5 42. h3 h5 43. Ra2 Kd6 44. Ra4 Kc6 45. Ra3 g4 46. hxg4 fxg4 47. g3
Rb5 48. Ke3 Kb6 49. Kf4 Kc5 50. Ke3 Kc4 51. Kd2 Rb2+ 52. Ke3 Kb5 53. Ra1 a4 54.
f3 gxf3 55. Kxf3 Rb3 56. Rh1 a3 57. Rxh5 Rxc3+ 58. Kf4 Kc4 59. g4 Rc1 60. Rh2
Kb3 61. Ke5 a2 0-1

[Event "13. Sparkassen Open 2014 - Gruppe B"]
[Site "Forchheim"]
[Date "2014.10.03"]
[Round "1.5"]
[White "Diller, Daniel"]
[Black "Fett, Helmut"]
[Result "1-0"]
[WhiteElo "1872"]
[BlackElo "1830"]
[PlyCount "83"]
[EventDate "2014.??.??"]
[WhiteTeam "SC Erlangen"]
[BlackTeam "SG Siemens Erlangen"]

1. c4 c5 2. g3 g6 3. Bg2 Bg7 4. Nc3 Nc6 5. Nf3 Nf6 6. d4 cxd4 7. Nxd4 Nxd4 8.
Qxd4 d6 9. O-O O-O 10. Qd3 Rb8 11. Bd2 Be6 12. Rac1 Qd7 13. e4 Bh3 14. f3 Bxg2
15. Kxg2 Rfe8 16. Be3 b6 17. b4 Rbc8 18. b5 Qb7 19. Nd5 Nd7 20. Nb4 Ne5 21. Qb3
e6 22. Bf4 Red8 23. Rfd1 Rd7 24. Rc2 Rdc7 25. Bxe5 dxe5 26. Nc6 Rxc6 27. bxc6
Qxc6 28. Qd3 Qa4 29. Qb3 Qc6 30. Rcd2 Qxc4 31. Qxc4 Rxc4 32. Rd8+ Bf8 33. Ra8
Rc2+ 34. Kh3 Kg7 35. Rxa7 Bc5 36. Rdd7 h5 37. Rxf7+ Kh6 38. f4 exf4 39. gxf4
Rc3+ 40. Kg2 Rc2+ 41. Kf1 g5 42. Rf6# 1-0

[Event "13. Sparkassen Open 2014 - Gruppe B"]
[Site "Forchheim"]
[Date "2014.10.03"]
[Round "1.6"]
[White "Schwab, Edgar"]
[Black "Meulner, Fabian"]
[Result "1-0"]
[WhiteElo "1930"]
[BlackElo "1939"]
[PlyCount "83"]
[EventDate "2014.??.??"]
[WhiteTeam "SC Forchheim"]
[BlackTeam "SW Nürnberg"]

1. d4 g6 2. Nf3 Bg7 3. e4 c5 4. c3 cxd4 5. cxd4 d5 6. e5 Nc6 7. Nc3 Nh6 8. h3
O-O 9. Be2 f6 10. exf6 Rxf6 11. O-O Nf5 12. Be3 Rf8 13. Rc1 e6 14. Bb5 Nce7 15.
Qd2 Nxe3 16. fxe3 a6 17. Bd3 Nf5 18. Qe1 Bh6 19. Nd1 Qd6 20. Ne5 Bg7 21. g4 Nh6
22. Rxf8+ Qxf8 23. Qf2 Qxf2+ 24. Nxf2 Bxe5 25. dxe5 Nf7 26. Rc7 Nxe5 27. Kg2 b5
28. b3 Nd7 29. g5 Kf8 30. h4 Ke7 31. Ng4 Kd6 32. Rc1 Bb7 33. Rf1 Ke7 34. Kg3 e5
35. Nf6 Nxf6 36. Rxf6 e4 37. Be2 Rc8 38. Kf4 Rc6 39. Ke5 Rc3 40. Bg4 Rxe3 41.
Rb6 Rg3 42. Rxb7+ 1-0

[Event "13. Sparkassen Open 2014 - Gruppe B"]
[Site "Forchheim"]
[Date "2014.10.03"]
[Round "1.7"]
[White "Gentner, Markus"]
[Black "Unkelbach, Manfred"]
[Result "1/2-1/2"]
[WhiteElo "1988"]
[BlackElo "1926"]
[PlyCount "87"]
[EventDate "2014.??.??"]
[WhiteTeam "SC Murrhardt"]
[BlackTeam "SC-SF Stockstadt"]

1. Nf3 d5 2. c4 e6 3. g3 Nf6 4. b3 Be7 5. Bb2 O-O 6. Bg2 c6 7. O-O Nbd7 8. d3
Re8 9. Nc3 Nf8 10. e3 Ng6 11. d4 Bd6 12. Qc2 Bb4 13. Rfd1 Bxc3 14. Bxc3 Ne4 15.
Bb2 f5 16. Nd2 Qe7 17. f3 Nxd2 18. Rxd2 Qg5 19. Qc3 h5 20. f4 Qh6 21. b4 Nf8
22. a4 h4 23. Qb3 hxg3 24. hxg3 Qg6 25. Kf2 Nd7 26. Rh1 Nf6 27. Bf3 a6 28. Rh4
Bd7 29. Qd3 Kf7 30. Rd1 Rh8 31. Rdh1 Rh6 32. Rxh6 gxh6 33. Qf1 Rg8 34. Rh3 Ng4+
35. Ke2 h5 36. Qh1 Rh8 37. Bc3 Rh7 38. c5 Be8 39. Qb1 Kg8 40. Be1 Qf6 41. Bf2
Qd8 42. a5 Qf6 43. Qh1 Qg7 44. Be1 1/2-1/2

[Event "13. Sparkassen Open 2014 - Gruppe B"]
[Site "Forchheim"]
[Date "2014.10.03"]
[Round "1.8"]
[White "Heinkelmann, Josef"]
[Black "Luther, Helmut"]
[Result "1/2-1/2"]
[WhiteElo "1853"]
[BlackElo "1992"]
[PlyCount "41"]
[EventDate "2014.??.??"]
[WhiteTeam "SC Forchheim"]
[BlackTeam "SW Nürnberg"]

1. c4 d6 2. Nc3 e5 3. Nf3 c6 4. d4 Nd7 5. e4 g6 6. Bg5 Qc7 7. Be2 Bg7 8. Qd2 h6
9. Be3 a6 10. O-O f5 11. exf5 gxf5 12. dxe5 dxe5 13. g3 Ne7 14. Nh4 Nf6 15.
Rfd1 Be6 16. Bc5 Nc8 17. Rac1 Kf7 18. Qc2 e4 19. Be3 Rd8 20. Bf4 Rxd1+ 21. Rxd1
1/2-1/2

[Event "13. Sparkassen Open 2014 - Gruppe B"]
[Site "Forchheim"]
[Date "2014.10.03"]
[Round "1.9"]
[White "Schlötterer, Hermann"]
[Black "Heilmann, Karl Ludwig"]
[Result "0-1"]
[WhiteElo "1915"]
[BlackElo "1640"]
[PlyCount "62"]
[EventDate "2014.??.??"]
[WhiteTeam "Zabo-Eintracht Nürnberg"]
[BlackTeam "SK Gerolzhofen"]

1. d4 d5 2. g3 Nf6 3. Bg2 e6 4. Nf3 c5 5. c4 Nc6 6. cxd5 Nxd4 7. Nc3 Nxf3+ 8.
Bxf3 exd5 9. Nxd5 Nxd5 10. Bxd5 Bd6 11. Qa4+ Qd7 12. Qe4+ Qe7 13. Qd3 O-O 14.
O-O Be6 15. Be4 h6 16. Rd1 Rad8 17. Qf3 b6 18. Be3 Be5 19. Rd2 Rxd2 20. Bxd2
Bxb2 21. Rb1 Qf6 22. Rxb2 Qxb2 23. Bc3 Qc1+ 24. Kg2 Bg4 25. Bh7+ Kxh7 26. Qe4+
Kg8 27. Bxg7 Kxg7 28. h4 h5 29. f3 Bh3+ 30. Kh2 Qh6 31. Kxh3 Qe6+ 0-1

[Event "13. Sparkassen Open 2014 - Gruppe B"]
[Site "Forchheim"]
[Date "2014.10.03"]
[Round "1.10"]
[White "Krenz, Sarah"]
[Black "Siegl, Melina"]
[Result "1/2-1/2"]
[WhiteElo "1992"]
[BlackElo "1909"]
[PlyCount "82"]
[EventDate "2014.??.??"]
[WhiteTeam "VfB Schach Leipzig"]
[BlackTeam "SW Nürnberg"]

1. d4 e6 2. Nf3 b6 3. g3 Bb7 4. Bg2 Nf6 5. O-O d5 6. c4 dxc4 7. Qa4+ Nbd7 8.
Nbd2 a6 9. Qxc4 c5 10. e3 Rc8 11. Qe2 cxd4 12. Nxd4 Bxg2 13. Kxg2 e5 14. N4f3
b5 15. Nb3 Qb6 16. Bd2 Be7 17. Rac1 O-O 18. Bc3 Qb7 19. Kg1 e4 20. Nfd2 Ne8 21.
Bd4 Nd6 22. Nc5 Nxc5 23. Bxc5 Qd5 24. Nb3 Qg5 25. Rfd1 Nc4 26. h4 Qe5 27. Bd4
Qe6 28. Kg2 Rfd8 29. Na1 Bf6 30. Bxf6 Qxf6 31. b3 Ne5 32. Rxc8 Rxc8 33. b4 Nd3
34. Nb3 Nxb4 35. Rd4 Nc6 36. Rxe4 h6 37. Rf4 Qg6 38. Nd4 Na5 39. Rg4 Qf6 40.
Rf4 Qe5 41. Qf3 Qc7 1/2-1/2

[Event "13. Sparkassen Open 2014 - Gruppe B"]
[Site "Forchheim"]
[Date "2014.10.03"]
[Round "1.11"]
[White "Pikal, Alexander"]
[Black "Sander, Dirk"]
[Result "1-0"]
[WhiteElo "1924"]
[BlackElo "1912"]
[PlyCount "73"]
[EventDate "2014.??.??"]
[WhiteTeam "SC Ansbach"]
[BlackTeam "SC Kreuzberg"]

1. f4 Nf6 2. Nf3 d5 3. e3 c5 4. b3 Nc6 5. Bb5 e6 6. Bb2 Be7 7. Bxc6+ bxc6 8.
Ne5 Qc7 9. O-O Ba6 10. d3 Bd6 11. Nd2 Rg8 12. Ndf3 h6 13. Qd2 Nd7 14. Nxd7 Qxd7
15. Qa5 Qb7 16. Ba3 Qb6 17. Qd2 O-O-O 18. c4 Qc7 19. cxd5 exd5 20. Qc2 d4 21.
exd4 Bxf4 22. Bxc5 g5 23. Rfe1 Rde8 24. g3 g4 25. Nh4 Bxg3 26. hxg3 Qxg3+ 27.
Ng2 Kb7 28. Qf2 Qxf2+ 29. Kxf2 Bxd3 30. Re3 Bf5 31. Rae1 Rxe3 32. Rxe3 Be6 33.
Nf4 Re8 34. Kg3 a5 35. Nxe6 fxe6 36. Kxg4 Ka6 37. a4 1-0

[Event "13. Sparkassen Open 2014 - Gruppe B"]
[Site "Forchheim"]
[Date "2014.10.03"]
[Round "1.12"]
[White "Wolf, Pablo"]
[Black "Nixdorf, Andre"]
[Result "0-1"]
[WhiteElo "1635"]
[BlackElo "1996"]
[PlyCount "144"]
[EventDate "2014.??.??"]

1. e4 c5 2. Nc3 d6 3. g3 Nc6 4. Bg2 Nf6 5. d3 g6 6. Be3 Bg7 7. f4 O-O 8. h3 Ne8
9. Nf3 Nd4 10. O-O b5 11. Qd2 b4 12. Nd1 Rb8 13. Kh2 Nc7 14. Rb1 Bd7 15. Nf2
Ncb5 16. g4 Rb6 17. Nd1 Ra6 18. c4 bxc3 19. Nxc3 Bc6 20. Nxb5 Nxf3+ 21. Rxf3
Bxb5 22. a3 Bc6 23. Rf2 Qa5 24. Qc1 Rb8 25. Rc2 Ba4 26. b4 Qd8 27. Ra2 Rab6 28.
Qd2 a5 29. d4 cxb4 30. d5 R6b7 31. Bd4 Bxd4 32. Qxd4 Qb6 33. Qxb6 Rxb6 34. axb4
Rxb4 35. Rc1 Kf8 36. Rc3 Ra8 37. Rca3 Bd1 38. Rxa5 Rxa5 39. Rxa5 Bc2 40. Ra8+
Kg7 41. Re8 Bxe4 42. Rxe7 Bxg2 43. Kxg2 Rd4 44. Kf3 Rxd5 45. Re3 h6 46. h4 h5
47. gxh5 Rxh5 48. Rd3 d5 49. Kg4 Kf6 50. Re3 d4 51. Rd3 Rd5 52. f5 gxf5+ 53.
Kf4 Kg6 54. Rg3+ Kh5 55. Rg2 d3 56. Rd2 f6 57. Kg3 Rd4 58. Kf3 Kxh4 59. Rh2+
Kg5 60. Rg2+ Kh6 61. Rh2+ Kg6 62. Rg2+ Kf7 63. Rg1 f4 64. Rd1 Ke6 65. Kg4 d2
66. Kf3 Ke5 67. Kf2 Ke4 68. Ke2 f3+ 69. Kf2 f5 70. Kg1 Ke3 71. Kf1 f4 72. Kg1
Ke2 0-1

[Event "13. Sparkassen Open 2014 - Gruppe B"]
[Site "Forchheim"]
[Date "2014.10.03"]
[Round "1.13"]
[White "Varga, Vlad Gabriel"]
[Black "Gebhardt, Christian"]
[Result "1/2-1/2"]
[WhiteElo "1946"]
[BlackElo "1845"]
[PlyCount "43"]
[EventDate "2014.??.??"]
[WhiteTeam "SW Nürnberg"]
[BlackTeam "SV Seubelsdorf"]

1. e4 e6 2. d4 d5 3. Nc3 Bb4 4. e5 c5 5. a3 Bxc3+ 6. bxc3 Ne7 7. Qg4 Qc7 8. Bd3
cxd4 9. Ne2 dxc3 10. f4 Nbc6 11. Qxg7 Rg8 12. Qxh7 Bd7 13. O-O Qb6+ 14. Kh1 d4
15. Ng3 O-O-O 16. Qxf7 Rh8 17. Ne4 Rdf8 18. Qg7 Rfg8 19. Qf7 Rf8 20. Nd6+ Kb8
21. Qg7 Rfg8 22. Qf7 1/2-1/2

[Event "13. Sparkassen Open 2014 - Gruppe B"]
[Site "Forchheim"]
[Date "2014.10.03"]
[Round "1.14"]
[White "Thürauf, Peter"]
[Black "Wagner, Robert"]
[Result "0-1"]
[WhiteElo "1854"]
[BlackElo "1848"]
[PlyCount "134"]
[EventDate "2014.??.??"]
[WhiteTeam "SW Nürnberg"]
[BlackTeam "SC Forchheim"]

1. d4 Nf6 2. Nf3 e6 3. c4 b6 4. a3 Bb7 5. Nc3 Be7 6. Qc2 d5 7.
e3 O-O 8. cxd5 exd5 9. Bd3 c5 10. O-O Nc6 11. Rd1 c4 12. Bf1 Bd6 13. Bd2 Rc8
14. g3 a6 15. Bg2 Re8 16. Nh4 Bb8 17. Bh3 Rc7 18. Na4 Bc8 19. Bg2 b5 20. Nc5
Ba7 21. b4 Bxc5 22. bxc5 Bg4 23. f3 Bh5 24. Nf5 Bg6 25. Bh3 Rb7 26. Qa2 Bxf5
27. Bxf5 g6 28. Bh3 Nh5 29. Re1 Ng7 30. Qc2 Ne6 31. Bxe6 fxe6 32. Kg2 e5 33.
Bc3 Rbe7 34. Qd2 exd4 35. exd4 Rxe1 36. Rxe1 Rxe1 37. Qxe1 Qe7 38. Qd2 Kg7 39.
Kf2 Qf6 40. Qe3 Kf7 41. Qh6 Kg8 42. Qh3 Qf5 43. Qxf5 gxf5 44. Ke3 Kf7 45. Kf4
Kf6 46. g4 fxg4 47. fxg4 a5 48. h4 b4 49. axb4 axb4 50. Ba1 c3 51. Ke3 Kg6 52.
Kd3 h5 53. g5 Kf5 54. Ke3 Ke6 55. Kd3 Kf5 56. Ke3 Ne7 57. Kf3 Ng6 58. Kg3 Ke6
59. Kh3 Kd7 60. Kg3 Ke6 61. Kh3 Ne7 62. Kg3 Nf5+ 63. Kf4 Nxh4 64. Ke3 Ng6 65.
Kf3 Kf5 66. Kg3 Ne7 67. Kh3 Kg6 0-1

[Event "13. Sparkassen Open 2014 - Gruppe B"]
[Site "Forchheim"]
[Date "2014.10.03"]
[Round "1.15"]
[White "Wawor, Gerhard"]
[Black "Rierl, Klaus"]
[Result "1-0"]
[WhiteElo "1908"]
[BlackElo "1793"]
[PlyCount "47"]
[EventDate "2014.??.??"]
[WhiteTeam "SK Nürnberg"]
[BlackTeam "SG Sonneberg"]

1. d4 d5 2. c4 e6 3. Nc3 Nf6 4. cxd5 exd5 5. Bg5 Be7 6. e3 c6 7. Bd3 Nbd7 8.
Qc2 h6 9. Bh4 O-O 10. Nge2 Ne8 11. Bxe7 Qxe7 12. O-O Nd6 13. Rae1 f5 14. Nf4
Qf7 15. f3 g5 16. Nfe2 Qg7 17. e4 fxe4 18. fxe4 Rxf1+ 19. Rxf1 Nb6 20. e5 Ndc4
21. Rf6 Kh8 22. Ng3 g4 23. Nh5 Qg5 24. Rf8+ 1-0

[Event "13. Sparkassen Open 2014 - Gruppe B"]
[Site "Forchheim"]
[Date "2014.10.03"]
[Round "1.16"]
[White "Pribylova, Sofie"]
[Black "Menrad, Andreas"]
[Result "0-1"]
[WhiteElo "1775"]
[BlackElo "1974"]
[PlyCount "162"]
[EventDate "2014.??.??"]
[BlackTeam "MTV Ingolstadt"]

1. d4 {[%emt 0:00:00]} Nf6 2. c4 g6 3. Nc3 Bg7 4. e4 d6 5. Nge2 O-O 6. Ng3 e5
7. d5 Nbd7 8. Be2 a5 9. h4 h5 10. Bg5 Re8 11. O-O Nf8 12. Qd2 N8h7 13. Bh6 Bh8
14. f4 Ng4 15. Bxg4 Bxg4 16. fxe5 Bxe5 17. Qf2 Qf6 18. Nb5 Rac8 19. Bf4 Bxb2
20. Rab1 Be5 21. Bxe5 Qxf2+ 22. Rxf2 dxe5 23. d6 c6 24. Nc7 Red8 25. c5 Rb8 26.
Rfb2 Bc8 27. Rb6 Nf6 28. Ra6 Nd7 29. Rxa5 b5 30. Rc1 Nf6 31. Ra7 Kf8 32. Rf1
Kg7 33. Na6 Bxa6 34. Rxa6 Rdc8 35. Rd1 Rb7 36. Ra3 Nd7 37. Rc1 Kf6 38. Rb3 Ra8
39. a3 Ra4 40. Rcc3 Ke6 41. Kf2 b4 42. axb4 Raxb4 43. Rxb4 Rxb4 44. Kf3 Rb5 45.
Ra3 Rxc5 46. Ra6 Rc3+ 47. Kf2 Kxd6 48. Ne2 Rc4 49. Ng3 Nc5 50. Ra7 Ke6 51. Kf3
Rc3+ 52. Kf2 Nd3+ 53. Kf1 Rc2 54. Ne2 Nf4 55. Nxf4+ exf4 56. e5 f6 57. exf6
Kxf6 58. Rc7 c5 59. Rc6+ Kf5 60. Rc8 c4 61. Rc5+ Ke4 62. Rg5 Ke3 63. Re5+ Kd4
64. Rg5 Rb2 65. Rxg6 c3 66. Ke1 Rb4 67. Kd1 Kd3 68. Rd6+ Rd4 69. Rc6 Rd7 70.
Kc1 Rg7 71. Rd6+ Kc4 72. Rc6+ Kd4 73. Rd6+ Ke3 74. Re6+ Kf2 75. Rf6 Rg4 76. Kc2
Kxg2 77. Kxc3 f3 78. Kd2 f2 79. Ke2 Re4+ 80. Kd3 Re1 81. Rg6+ Kh3 0-1

[Event "13. Sparkassen Open 2014 - Gruppe B"]
[Site "Forchheim"]
[Date "2014.10.03"]
[Round "1.17"]
[White "Langer, Simon"]
[Black "Siegl, Adrian"]
[Result "1/2-1/2"]
[WhiteElo "1864"]
[BlackElo "1779"]
[PlyCount "36"]
[EventDate "2014.??.??"]
[WhiteTeam "SK Klingenberg"]
[BlackTeam "SW Nürnberg"]

1. e4 c5 2. c3 d5 3. exd5 Qxd5 4. d4 e5 5. dxe5 Qxd1+ 6. Kxd1 Nc6 7. f4 f6 8.
Bb5 Bg4+ 9. Nf3 O-O-O+ 10. Ke2 Nge7 11. exf6 gxf6 12. Be3 Nd5 13. Nbd2 Re8 14.
Nc4 Nxf4+ 15. Kf2 Nd3+ 16. Ke2 Nf4+ 17. Kf2 Nd3+ 18. Ke2 Nf4+ 1/2-1/2

[Event "13. Sparkassen Open 2014 - Gruppe B"]
[Site "Forchheim"]
[Date "2014.10.03"]
[Round "1.18"]
[White "Heiler, Karl"]
[Black "Kilian, Markus"]
[Result "0-1"]
[WhiteElo "1846"]
[BlackElo "2017"]
[PlyCount "48"]
[EventDate "2014.??.??"]
[WhiteTeam "TG Biberach"]
[BlackTeam "SV Würzburg"]

1. e4 d6 2. d4 Nf6 3. Nc3 g6 4. Be3 Bg7 5. Be2 c6 6. Nf3 O-O 7. Qd2 b5 8. e5
dxe5 9. Nxe5 Bb7 10. Bf3 Qc7 11. Bf4 Qb6 12. O-O Nbd7 13. Rfe1 Rad8 14. Qe3 b4
15. Na4 Qb5 16. Nxd7 Nxd7 17. b3 c5 18. Be2 cxd4 19. Qxe7 Qf5 20. Qxb4 Qxf4 21.
Qxb7 d3 22. Rad1 dxe2 23. Rxd7 Bd4 24. Rxd4 Rxd4 0-1

[Event "13. Sparkassen Open 2014 - Gruppe B"]
[Site "Forchheim"]
[Date "2014.10.03"]
[Round "1.19"]
[White "Lais, Thomas"]
[Black "Rieck, Timo"]
[Result "1-0"]
[WhiteElo "1962"]
[BlackElo "1760"]
[PlyCount "77"]
[EventDate "2014.??.??"]
[WhiteTeam "SW Nürnberg"]
[BlackTeam "SV Bad Friedrichshall"]

1. e4 {[%emt 0:00:00]} c5 {[%emt 0:00:00]} 2. Nf3 g6 3. d4 cxd4 4. Nxd4 Bg7 5.
c4 e6 6. Nb5 d5 7. cxd5 a6 8. N5c3 b5 9. Be2 Qa5 10. O-O Bd7 11. dxe6 fxe6 12.
Bf3 Nc6 13. Be3 Ne5 14. Nd2 b4 15. Ne2 Ba4 16. Nb3 Nxf3+ 17. gxf3 Qc7 18. Qd2
Qf7 19. Qxb4 Bb5 20. Nbd4 Bxe2 21. Nxe2 Qxf3 22. Qa4+ Kf7 23. Ng3 h5 24. Bg5
Ne7 25. Bxe7 Kxe7 26. Qb4+ Kf7 27. Qb7+ Kg8 28. Qxa8+ Kh7 29. Qxa6 h4 30. Qe2
Qf4 31. Rab1 hxg3 32. fxg3 Bd4+ 33. Kg2 Qh6 34. Qc2 Bg7 35. Rf2 Kg8 36. Qc8+
Kh7 37. Qxe6 Qe3 38. Rbf1 Bd4 39. Qh3+ 1-0

[Event "13. Sparkassen Open 2014 - Gruppe B"]
[Site "Forchheim"]
[Date "2014.10.03"]
[Round "1.20"]
[White "Babichev, Vyacheslav"]
[Black "Adelhütte, Dennis"]
[Result "0-1"]
[WhiteElo "1852"]
[BlackElo "1965"]
[PlyCount "118"]
[EventDate "2014.??.??"]
[WhiteTeam "SW Nürnberg"]
[BlackTeam "SC Erlangen"]

1. b3 {[%emt 0:00:00]} e5 2. Bb2 d6 3. g3 {[%emt 0:00:00]} f5 {[%emt 0:00:00]}
4. e3 Nc6 5. Bg2 Nf6 6. Ne2 Be6 7. d3 d5 8. Nd2 Bd6 9. O-O Qd7 10. f4 Ng4 11.
Qc1 Nxe3 12. Rf2 Ng4 13. Rf1 Bc5+ 14. d4 exd4 15. Kh1 d3 16. cxd3 Nf2+ 17. Rxf2
Bxf2 18. Nf3 Bb6 19. Ne5 Nxe5 20. Bxe5 O-O 21. a4 c6 22. a5 Bd8 23. Nd4 Bf6 24.
Nf3 Bxe5 25. Nxe5 Qd6 26. d4 Rac8 27. Nd3 Rfe8 28. b4 Re7 29. Qd2 b6 30. axb6
axb6 31. Ra6 Qc7 32. Bf1 Qb7 33. Qa2 Bf7 34. Ne5 c5 35. b5 Be8 36. Bg2 c4 37.
Qb1 g6 38. Ra2 Ra8 39. Rb2 Rc8 40. Rc2 Qa8 41. Nxc4 Rec7 42. Ra2 Qb7 43. h4
Rxc4 44. Kh2 Bf7 45. Qd1 Qe7 46. Re2 Qb4 47. Rd2 Rc1 48. Qe2 Re8 49. Qd3 Qc3
50. Qxc3 Rxc3 51. Bf1 Rce3 52. Rg2 Re1 53. Rf2 R8e4 54. Bg2 Rxd4 55. Ra2 Rb1
56. Ra8+ Kg7 57. Ra7 Rxb5 58. Kh3 Rb3 59. Bf1 b5 0-1

[Event "13. Sparkassen Open 2014 - Gruppe B"]
[Site "Forchheim"]
[Date "2014.10.03"]
[Round "1.21"]
[White "Bachhuber, Dominik"]
[Black "Schmitz, Tim"]
[Result "1/2-1/2"]
[WhiteElo "1915"]
[BlackElo "1865"]
[PlyCount "58"]
[EventDate "2014.??.??"]
[WhiteTeam "Rainer SC"]
[BlackTeam "SC Sendling"]

1. e4 {[%emt 0:00:00]} c5 2. Nf3 d6 3. d4 cxd4 4. c3 dxc3 5. Nxc3 Nc6 6. Bc4 a6
7. O-O Nf6 8. Qb3 e6 9. Rd1 Na5 10. Qb4 d5 11. Bb5+ axb5 12. Qxb5+ Bd7 13. Qe2
dxe4 14. Nxe4 Be7 15. Ne5 Nc6 16. Nxf6+ Bxf6 17. Nxd7 Nd4 18. Nxf6+ Qxf6 19.
Qc4 Nc6 20. Qc5 Qe7 21. Be3 Ra5 22. Qd6 Qxd6 23. Rxd6 O-O 24. b4 Nxb4 25. Bd2
Rxa2 26. Rxa2 Nxa2 27. Rb6 Rc8 28. Rxb7 Nc1 29. Kf1 Nd3 1/2-1/2

[Event "13. Sparkassen Open 2014 - Gruppe B"]
[Site "Forchheim"]
[Date "2014.10.03"]
[Round "1.22"]
[White "Li, Simon"]
[Black "Adler, Herbert"]
[Result "0-1"]
[WhiteElo "1814"]
[BlackElo "2010"]
[PlyCount "62"]
[EventDate "2014.??.??"]
[WhiteTeam "SK Schweinfurt"]
[BlackTeam "SG Büchenbach/Roth"]

1. e4 e6 2. d4 d5 3. Nc3 Bb4 4. exd5 exd5 5. Bd3 Nc6 6. Nge2 Nge7 7. O-O Bf5 8.
Bf4 a6 9. Ng3 Bxd3 10. Qxd3 Qd7 11. a3 Bd6 12. Bxd6 Qxd6 13. Rfe1 O-O 14. Re3
g6 15. Rae1 h5 16. Na4 h4 17. Nf1 Nf5 18. Rh3 Ncxd4 19. c3 Ne6 20. Qd2 b5 21.
Ne3 Ng5 22. Nxf5 Nxh3+ 23. gxh3 gxf5 24. Nc5 Kh7 25. Qd4 f4 26. Nd3 Rae8 27.
Rxe8 Rxe8 28. Qxf4 Qg6+ 29. Kh1 Qxd3 30. Qxf7+ Kh6 31. Qxe8 Qf1# 0-1

[Event "13. Sparkassen Open 2014 - Gruppe B"]
[Site "Forchheim"]
[Date "2014.10.03"]
[Round "1.23"]
[White "Simon, Jonathan"]
[Black "Winkelmeier, Alfred"]
[Result "1-0"]
[WhiteElo "1925"]
[BlackElo "1744"]
[PlyCount "68"]
[EventDate "2014.??.??"]
[WhiteTeam "SK Mömbris"]
[BlackTeam "SV Ilmmünster"]

1. d4 {[%emt 0:00:00]} d5 2. c4 e6 3. Nc3 c5 4. Nf3 Nc6 5. g3 Nf6 6. Bg2 Be7 7.
O-O O-O 8. h3 a6 9. Bg5 cxd4 10. Nxd4 h6 11. Be3 Re8 12. cxd5 exd5 13. Rc1 Be6
14. Kh2 Rc8 15. Na4 Ne5 16. Nxe6 fxe6 17. Nc5 Bxc5 18. Bxc5 Qa5 19. Bd4 Ned7
20. Qb3 b5 21. e4 Rxc1 22. Rxc1 Qd2 23. Be3 Qe2 24. exd5 exd5 25. Bxd5+ Kh7 26.
Bc6 Qh5 27. Qd3+ Kh8 28. Bxd7 Nxd7 29. Qxd7 Rxe3 30. Rc8+ Kh7 31. Rc7 Rxg3 32.
Kxg3 Qe5+ 33. Kf3 Qh5+ 34. Qg4 Qd5+ 1-0

[Event "13. Sparkassen Open 2014 - Gruppe B"]
[Site "Forchheim"]
[Date "2014.10.03"]
[Round "1.24"]
[White "Meckel, Helmut"]
[Black "Tong, Kevin"]
[Result "0-1"]
[WhiteElo "1832"]
[BlackElo "1798"]
[PlyCount "128"]
[EventDate "2014.??.??"]
[WhiteTeam "SG Solingen"]
[BlackTeam "SC Erlangen"]

1. b4 {[%emt 0:00:00]} e5 2. Bb2 d6 3. e3 Nf6 4. c4 g6 5. Nc3 Bg7 6. Nf3 O-O 7.
Be2 Be6 8. Ng5 Bd7 9. h4 h6 10. Nge4 Nxe4 11. Nxe4 Bc6 12. Bf3 f5 13. Nc3 e4
14. Be2 b6 15. Qb3 Kh7 16. O-O-O Nd7 17. f4 h5 18. Rdg1 Nf6 19. Nd5 Rc8 20.
Nxf6+ Bxf6 21. Qd1 Be8 22. d4 c5 23. dxc5 dxc5 24. b5 Bxb2+ 25. Kxb2 Qf6+ 26.
Kc2 a6 27. Qa1 Qe6 28. Rd1 axb5 29. cxb5 Bf7 30. Kb1 Ra8 31. Rd2 Ra4 32. Rc1
Rfa8 33. Rcc2 Rb4+ 34. Kc1 Ra3 35. Qe5 Rxe3 36. Qxe6 Bxe6 37. Rd6 Bf7 38. Rxb6
c4 39. Rb7 Kg8 40. Rd2 Rc3+ 41. Rc2 Rg3 42. Rc7 Rxg2 43. Rxf7 Rg1+ 44. Kd2 Kxf7
45. Kc3 Rbb1 46. Bxc4+ Ke7 47. Bb3 Kd7 48. Kd4 Rbc1 49. Rxc1 Rxc1 50. Bf7 Rd1+
51. Ke3 Rd3+ 52. Ke2 Rd6 53. a4 Ke7 54. a5 Kd7 55. Ke3 Kc7 56. b6+ Kb7 57. Be8
Rd3+ 58. Ke2 Ra3 59. Bxg6 Rxa5 60. Bxh5 Kxb6 61. Bg6 Kc6 62. h5 Kd6 63. Bf7 Ke7
64. Bc4 Kf6 0-1